Variants of course therapy of rheumatoid arthritis (RA) started after 60 years old

Bibliographic Details
Main Authors: Kanevskaja, M. (Author), Chichassova, N. (Author), Krel, A. (Author)
Format: Article
Language:Slovak
English
Subjects:

MARC

LEADER 00000nab a2200000 a 4500
001 vtls000598320
003 SK-MaSNL
005 20260304094912.0
008 250425c1996 xo 0 slo
015 |a SNBRB19rr/mm-uuuuu 
035 |a CL0598459 
035 |a urn:nbn:sk:snk-ab6tgf 
035 |a (uuid)629d3852-c367-4c64-8693-320ac7bff79c 
035 |a (urnnbn)urn:nbn:sk:snk:ar-a07f40 
035 |a (sysno)vtls000598320 
040 |a SNKBUCL  |b slo  |c SNKBUCL  |e AACR2 
041 0 |a eng 
044 |a xo  |c SK 
080 |a 616.72-002.77  |2 1981 
100 1 |a Kanevskaja, M.  |4 aut  |9 1391703 
245 1 0 |a Variants of course therapy of rheumatoid arthritis (RA) started after 60 years old  |c M. Kanevskaja, N. Chichassova, A. Krel 
650 0 7 |a reumatoidná artritída  |2 snkbucl  |9 28588 
655 7 |a články z novín a časopisov  |2 snkbucl  |9 267496 
700 1 |a Chichassova, N.  |4 aut  |9 1391704 
700 1 |a Krel, A.  |4 aut  |9 1391705 
773 0 |t Rheumatologia. Supplement 1  |g Roč. 10 (1996), s. 9 
850 |a Slovenská národná knižnica 
852 |a Slovenská národná knižnica 
958 |a article27 
958 |a RK 
958 |a MI 
958 |a NX 
958 |a OND 
958 |a EUIPO 
992 |a RBX 
999 |c 2829590  |d 2831520